=LDR 00000nam 2200000 4500 =001 NUTBA000000000000884 =005 20170330165232.0 =006 =007 =008 =020 ##$$a 978-602-229 -011-7 =035 ##$$0010-041400000000154 =040 ##$$b Ind =090 ##$$a 618.107 $bMar $ca =100 ##$$a Marmi =245 ##$$a Asuhan Kebidanan Patologi =260 ##$$a Yogyakarta $bPustaka Pelajar $c2011 =300 ##$$a 346 hlm. $bIllus $c25 cm. =650 ##$$a Kebidanan =850 ##$$a NBPDMAT =990 ##$$a 21304657 =990 ##$$a 92688/BPAP-NTB/2014 =990 ##$$a 21195292/BPAP-NTB/2014 =990 ##$$a 21196913/BPAP-NTB/2014 =990 ##$$a 21400613/BPAP-NTB/20142014 =990 ##$$a 0001/BPAP-NTB/20142014 =990 ##$$a 0001/BPAP-NTB/20142014 =990 ##$$a 21603001/BPAP-NTB/2017 =990 ##$$a 21603002/BPAP-NTB/2017